Los Angeles Lakers NBA Finals Starters - Statistics

General Stats
  • This quiz has been taken 1,045 times
    1,002 since last reset
  • The average score is 25 of 63
Answer Stats
Finals Players % Correct
2020 LeBron James
99%
2020 Anthony Davis
98%
2000, 2001 ,2002, 2004, 2008, 2009, 2010 Kobe Bryant
98%
2000, 2001 ,2002, 2004 Shaquille O'Neal
96%
1980, 1982, 1983, 1984, 1985, 1987, 1988, 1989 Kareem Abdul-Jabbar
94%
1980, 1982, 1983, 1984, 1985, 1987, 1988, 1989, 1991 Magic Johnson
94%
1962, 1963, 1965, 1966, 1968, 1969, 1970, 1972, 1973 Jerry West
90%
2008, 2009, 2010 Pau Gasol
88%
2020 Dwight Howard
87%
2001, 2002, 2008, 2009, 2010 Derek Fisher
85%
1984, 1985, 1987, 1988, 1989, 1991 James Worthy
84%
1969, 1970, 1972, 1973 Wilt Chamberlain
84%
1959, 1962, 1963, 1966, 1968, 1969, 1970 Elgin Baylor
81%
1987, 1988, 1989, 2000 A.C. Green
76%
2020 Danny Green
76%
2020 Kentavious Caldwell-Pope
74%
1950, 1952, 1953, 1954 George Mikan
73%
2010 Ron Artest
67%
2009, 2010 Andrew Bynum
65%
2004 Karl Malone
65%
2004 Gary Payton
61%
2001, 2002 Rick Fox
58%
2008 Lamar Odom
53%
1984, 1989 Michael Cooper
52%
1966, 1972, 1973 Gail Goodrich
51%
2002 Robert Horry
51%
1985, 1987, 1988, 1991 Byron Scott
50%
2000 Ron Harper
45%
2001 Horace Grant
44%
2009 Trevor Ariza
42%
1991 Vlade Divac
40%
2000 Glen Rice
34%
1982, 1983, 1984, 1985 Kurt Rambis
34%
1980, 1982, 1983 Jamaal Wilkes
33%
1980, 1982, 1983 Norm Nixon
31%
1950, 1952, 1953, 1954, 1959 Vern Mikkelsen
26%
2004 Devean George
20%
1991 Sam Perkins
16%
1950, 1952, 1953, 1954 Slater Martin
14%
1972 Happy Hairston
13%
1950, 1952, 1953, 1954 Jim Pollard
12%
1962, 1963, 1965, 1966 Rudy LaRusso
10%
2008 Vladimir Radmanović
9%
1980 Jim Chones
7%
1972, 1973 Jim McMillian
7%
1959 Larry Foust
6%
1968 Darrall Imhoff
5%
1954 Whitey Skoog
5%
1968 Archie Clark
4%
1963, 1965 Dick Barnett
4%
1950 Bob Harrison
3%
1959 Dick Garmaker
3%
1965, 1966 Leroy Ellis
3%
1952, 1953 Pep Saul
3%
1959 Slick Leonard
3%
1968 Tom Hawkins
3%
1973 Bill Bridges
2%
1970 Dick Garrett
2%
1962 Frank Selvy
2%
1969, 1970 Keith Erickson
2%
1963, 1965 Gene Wiley
1%
1962 Jim Krebs
1%
1969 Johnny Egan
1%
No matching quizzes found
Score Distribution
Percent of People with Each Score
Percentile by Number Answered
Your Score History
You have not taken this quiz since the last reset